• 首页
  • 本馆介绍
  • 公告通知
  • 最新文献
  • 馆藏检索
  • 电子资源
  • 读者导购
  • 参考咨询
  • 我的图书馆
  • 登录
  • 详细信息显示
  • 放入我的书架
  • 预约/预借图书
  • 作者相关作品
  • 分类相关作品
  • 丛书相关作品
  • 出版社相关作品

书目信息

  • 表格格式
  • 工作单格式
  • 卡片格式
题名:
巴枯宁言论
    
 
作者: ;中共中央马克思恩格斯列宁斯大林著作编译局资料室 编
分册:  
出版信息: 北京   三联书店  1978
页数: 359页
开本: 20cm
丛书名:
单 册:
中图分类: D122
科图分类:
主题词: 巴枯宁主义
电子资源:
ISBN:
000 00759nam0 2200241 45
001 0178003844
005 20060721103402.56
010    @dCNY1.35
091    @aCN@b3002.137
100    @a19950713d1978 emky0chiy0121 ea
101 0  @achi
102    @aCN@b110000
105    @ay z 000yy
200 10 @a巴枯宁言论@Aba ku ning yan lun@f中共中央马克思恩格斯列宁斯大林著作编译局资料室编
210    @a北京@c三联书店@d1978
215    @a359页@d20cm
300    @a社会主义、修正主义资料选编
300    @a内部发行
606    @a巴枯宁主义
690    @aD122@v3
711 02 @a中共中央马克思恩格斯列宁斯大林著作编译局资料室@Azhong gong zhong yang make si en ge si lie ning si da lin zhu zuo bian yi ju zi liao shi@4编
801  0 @aCN@bTSSF@c20060721
905    @dD122@e7
    
    巴枯宁言论/中共中央马克思恩格斯列宁斯大林著作编译局资料室编.-北京:三联书店,1978
    359页;20cm
    社会主义、修正主义资料选编.-内部发行
    
    ISBN :CNY1.35
    
●
相关链接 在E读中查询图书 在五车中查询图书 在当当中查询图书 在豆瓣中查询图书


正题名:巴枯宁言论     索取号:D122/7         预约/预借

序号 登录号 条形码 馆藏地/架位号 状态 备注
1 0424884   204248849   密集书库/ [索取号:D122/7] 在馆    
唐山师范学院图书馆 欢迎您!
大连网信软件有限公司© 版权所有